[Event "Online Olym Top DivD 2020"]
[Site "chess.com INT"]
[Date "2020.08.22"]
[Round "6.2"]
[Board "6"]
[White "Demchenko, Svitlana"]
[Black "Montiel Caceres, Helen"]
[Result "1/2-1/2"]
[WhiteTitle "WIM"]
[WhiteElo "2071"]
[BlackElo "1599"]
[WhiteTeam "Canada"]
[BlackTeam "Paraguay"]
[WhiteFideId "14149893"]
[BlackFideId "3707121"]
[EventDate "2020.08.21"]
[EventType "team"]

1. d4 Nf6 2. Nf3 g6 3. c4 Bg7 4. Nc3 d6 5. e4 O-O 6. h3 e5 7. d5 a5 8. Be3 Na6
9. g4 Nc5 10. Nd2 Bd7 11. Be2 Ne8 12. Nf1 f5 13. gxf5 gxf5 14. exf5 a4 15. Ng3
e4 16. Qc2 Be5 17. Ncxe4 Nxe4 18. Nxe4 Bxf5 19. Bd3 a3 20. Rg1+ Kh8 21. Ng5 Ng7
22. Bxf5 Nxf5 23. Ne6 Nxe3 24. Qe4 Qf6 25. Qxe3 axb2 26. Rb1 Rg8 27. Rxg8+ Rxg8
28. Ke2 Rg2 29. Qf3 Qxf3+ 30. Kxf3 Rh2 31. Nf4 Bxf4 32. Kxf4 Rxf2+ 33. Ke3 Rh2
34. Kd4 Kg7 35. Kc3 Rxh3+ 36. Kxb2 h5 37. Kc2 Rh2+ 38. Kd3 b6 39. a4 h4 40. c5
dxc5 41. Kc4 Rd2 42. Rh1 Rd4+ 43. Kb5 Kf6 44. a5 bxa5 45. Kxc5 Rb4 46. Kc6 Ke5
47. Re1+ Kf4 48. Kxc7 Rc4+ 49. Kb6 a4 50. d6 Rd4 51. Kc7 Rc4+ 52. Kb6 Rd4 53.
Kc7 Rc4+ 54. Kb6 1/2-1/2

[Event "Online Olym Top DivD 2020"]
[Site "chess.com INT"]
[Date "2020.08.22"]
[Round "6.3"]
[Board "3"]
[White "Brunello, Marina"]
[Black "Cori T., Deysi"]
[Result "0-1"]
[WhiteTitle "IM"]
[BlackTitle "WGM"]
[WhiteElo "2368"]
[BlackElo "2388"]
[WhiteTeam "Italy"]
[BlackTeam "Peru"]
[WhiteFideId "822590"]
[BlackFideId "3801934"]
[EventDate "2020.08.21"]
[EventType "team"]

1. e4 d5 2. exd5 Qxd5 3. Nc3 Qd6 4. d4 Nf6 5. Bd3 Bg4 6. f3 Bd7 7. Nge2 c5 8.
Bf4 Qb6 9. d5 e6 10. Bc4 Qb4 11. Qd3 exd5 12. Bxd5 Nxd5 13. Qxd5 Be6 14. O-O-O
Nc6 15. Qe4 Be7 16. Nd5 Bxd5 17. Rxd5 Qxe4 18. fxe4 O-O 19. Rd7 Rfe8 20. e5 Bf8
21. Rxb7 Nxe5 22. Nc3 Nc6 23. Bg3 h5 24. Rf1 f6 25. Re1 Rxe1+ 26. Bxe1 Bd6 27.
h3 Re8 28. Bf2 Nd4 29. Kd1 a5 30. Ra7 Rd8 31. Bxd4 cxd4 32. Ne2 Be5 33. Nc1 Rd5
34. Nd3 Bg3 35. a4 Rf5 36. Ke2 Rd5 37. Rb7 Rd8 38. Rb5 Bc7 39. Rc5 Rd7 40. Kf3
Re7 41. Rxh5 Re3+ 42. Kf2 Bg3+ 43. Kf1 g5 44. Rh6 Kg7 45. Rh5 Re8 46. h4 Kg6 0-1

[Event "Online Olym Top DivD 2020"]
[Site "chess.com INT"]
[Date "2020.08.22"]
[Round "6.3"]
[Board "4"]
[White "Chumpitaz, Ann"]
[Black "Sedina, Elena"]
[Result "1/2-1/2"]
[WhiteTitle "WIM"]
[BlackTitle "IM"]
[WhiteElo "2244"]
[BlackElo "2299"]
[WhiteTeam "Peru"]
[BlackTeam "Italy"]
[WhiteFideId "3804178"]
[BlackFideId "812153"]
[EventDate "2020.08.21"]
[EventType "team"]

1. e4 e6 2. d4 d5 3. Bd3 dxe4 4. Bxe4 Nf6 5. Bf3 c5 6. Ne2 Nc6 7. Be3 cxd4 8.
Nxd4 Ne5 9. O-O a6 10. Nc3 Bb4 11. Ne4 Nxf3+ 12. Qxf3 Nxe4 13. Qxe4 Be7 14. Rad1
Qa5 15. Nc6 Qc7 16. Nxe7 Qxe7 17. Bb6 O-O 18. Rfe1 f6 19. Rd3 e5 20. Rc3 Qe6 21.
Bc7 Qf5 22. Qb4 Rf7 23. h3 b5 24. a4 bxa4 25. Rd1 Be6 26. Ba5 Re8 27. Qxa4 Ref8
28. Rd6 Bd7 29. Qb3 Kh8 30. Rc7 h6 31. Qd5 Be8 32. Rd8 Rxc7 33. Bxc7 Qxc2 34.
Qd6 Rg8 35. b4 Qc1+ 36. Kh2 Qf4+ 37. Kg1 Qc1+ 38. Kh2 Qf4+ 39. Kg1 Qc1+ 1/2-1/2

[Event "Online Olym Top DivD 2020"]
[Site "chess.com INT"]
[Date "2020.08.22"]
[Round "6.4"]
[Board "2"]
[White "Wojtaszek, Radoslaw"]
[Black "Fier, Alexandr"]
[Result "1/2-1/2"]
[WhiteTitle "GM"]
[BlackTitle "GM"]
[WhiteElo "2717"]
[BlackElo "2560"]
[WhiteTeam "Poland"]
[BlackTeam "Brazil"]
[WhiteFideId "1118358"]
[BlackFideId "2107139"]
[EventDate "2020.08.21"]
[EventType "team"]

1. d4 Nf6 2. c4 c5 3. d5 e6 4. Nc3 exd5 5. cxd5 d6 6. Nf3 g6 7. Nd2 Bg7 8. e4
O-O 9. Be2 Re8 10. O-O Nbd7 11. a4 Ne5 12. h3 g5 13. f4 gxf4 14. Rxf4 Kh8 15.
Qf1 Rg8 16. Kh1 a6 17. Nc4 Nxc4 18. Bxc4 Nh5 19. Rf3 Be5 20. Ne2 Qh4 21. Qf2
Ng3+ 22. Nxg3 Bxg3 23. Qf1 Bg4 24. Rxf7 Bh5 25. Rf5 Bg4 26. Rf7 Bh5 27. Rf5 Bg4
28. Rf7 1/2-1/2

[Event "Online Olym Top DivD 2020"]
[Site "chess.com INT"]
[Date "2020.08.22"]
[Round "6.4"]
[Board "3"]
[White "Terao, Juliana Sayumi"]
[Black "Zawadzka, Jolanta"]
[Result "1/2-1/2"]
[WhiteTitle "FM"]
[BlackTitle "WGM"]
[WhiteElo "2252"]
[BlackElo "2419"]
[WhiteTeam "Brazil"]
[BlackTeam "Poland"]
[WhiteFideId "2109220"]
[BlackFideId "1122320"]
[EventDate "2020.08.21"]
[EventType "team"]

1. e4 c5 2. Nf3 d6 3. c3 Nf6 4. h3 Nc6 5. Bd3 d5 6. e5 Nd7 7. Bb5 e6 8. O-O Be7
9. d4 Qb6 10. Ba4 O-O 11. a3 f6 12. exf6 Bxf6 13. dxc5 Qxc5 14. Be3 Qd6 15. Nbd2
Nde5 16. Bc2 Nxf3+ 17. Nxf3 e5 18. Qb1 e4 19. Nd2 Be5 20. c4 Bxh3 21. cxd5 Bh2+
22. Kh1 Bxg2+ 23. Kxg2 Qg6+ 24. Kxh2 Qh5+ 25. Kg3 Qg6+ 26. Kh2 Qh5+ 27. Kg3 Qg6+
28. Kh2 1/2-1/2

[Event "Online Olym Top DivD 2020"]
[Site "chess.com INT"]
[Date "2020.08.22"]
[Round "6.4"]
[Board "4"]
[White "Rajlich, Iweta"]
[Black "Alboredo, Julia"]
[Result "0-1"]
[WhiteTitle "IM"]
[BlackTitle "WFM"]
[WhiteElo "2394"]
[BlackElo "2182"]
[WhiteTeam "Poland"]
[BlackTeam "Brazil"]
[WhiteFideId "1108166"]
[BlackFideId "2124807"]
[EventDate "2020.08.21"]
[EventType "team"]

1. d4 Nf6 2. Nf3 g6 3. g3 Bg7 4. Bg2 d5 5. c4 dxc4 6. Qa4+ Nfd7 7. Qxc4 Nb6 8.
Qd3 Nc6 9. Nc3 O-O 10. Bg5 h6 11. Bf4 g5 12. Be3 g4 13. Ne5 Bxe5 14. Bxc6 bxc6
15. dxe5 Qxd3 16. exd3 Kg7 17. Bc5 Re8 18. O-O-O Be6 19. Rhe1 Nd5 20. Re4 h5 21.
Ra4 Nxc3 22. bxc3 a5 23. c4 Bf5 24. Kc2 e6 25. Bd4 Red8 26. Kc3 Rd7 27. c5 h4
28. Rb1 hxg3 29. hxg3 Kg6 30. Kd2 Rad8 31. Ke3 f6 32. exf6 e5 33. Bxe5 Rxd3+ 34.
Ke2 Rd2+ 35. Ke1 Bxb1 36. Rxg4+ Kf5 37. Rf4+ Kxe5 38. f7 Rd1+ 39. Ke2 R8d2+ 40.
Ke3 Rd3+ 41. Ke2 R1d2+ 42. Ke1 Rd8 43. f8=Q Rxf8 44. Rxf8 Rxa2 45. f4+ Kd5 46.
g4 Rg2 47. g5 a4 48. Ra8 Bc2 49. f5 Rxg5 50. f6 Rf5 51. Kd2 Bb3 52. Rf8 Kxc5 53.
Kc3 Rf3+ 54. Kb2 Kc4 55. Ka3 Bc2+ 56. Kb2 Bb3 57. Ka3 Bd1+ 58. Ka2 Kc5 59. Ka1
a3 60. Ka2 Be2 61. Kb1 Bc4 62. Ra8 Rf1+ 63. Kc2 a2 64. f7 Bxf7 65. Ra5+ Kd6 66.
Kb2 Rb1+ 67. Kc2 a1=Q 68. Rd5+ Kxd5 69. Kd2 Qd4+ 70. Kc2 Rb2+ 71. Kc1 Qd2# 0-1

[Event "Online Olym Top DivD 2020"]
[Site "chess.com INT"]
[Date "2020.08.22"]
[Round "6.4"]
[Board "5"]
[White "Do Valle Cardoso, Lucas"]
[Black "Janik, Igor"]
[Result "0-1"]
[BlackTitle "IM"]
[WhiteElo "2314"]
[BlackElo "2471"]
[WhiteTeam "Brazil"]
[BlackTeam "Poland"]
[WhiteFideId "2163144"]
[BlackFideId "1159259"]
[EventDate "2020.08.21"]
[EventType "team"]

1. e4 c6 2. d4 d5 3. Nc3 dxe4 4. Nxe4 Bf5 5. Ng3 Bg6 6. h4 h6 7. h5 Bh7 8. Nf3
e6 9. Bd3 Bxd3 10. Qxd3 Nf6 11. Bd2 c5 12. O-O-O Nc6 13. Bc3 Qd5 14. dxc5 Qxd3
15. Rxd3 Bxc5 16. Bxf6 gxf6 17. Ne4 Be7 18. Nd6+ Bxd6 19. Rxd6 Rg8 20. g3 Rg4
21. Rhd1 Ra4 22. Rd7 Rxa2 23. Kb1 Ra5 24. Rxb7 Rd8 25. Rxd8+ Nxd8 26. Rc7 Rxh5
27. Rxa7 Rf5 28. Nd2 Nc6 29. Rc7 Rxf2 30. Ne4 Rf1+ 31. Ka2 Ne5 32. b4 Kd8 33.
Rc3 f5 34. Nd6 f4 35. gxf4 Rxf4 36. b5 Kd7 37. Nc8 Rb4 38. b6 Nc6 39. Ka3 Rb1
40. Ka2 Rb5 41. Ka3 h5 42. Rf3 Kxc8 43. Rxf7 Rxb6 44. Rh7 Rb5 45. c4 Rc5 46. Kb3
Rg5 47. Kc3 Kd8 48. Kd3 Ne7 49. Ke3 Kd7 50. Kf4 Rc5 51. Ke3 Kd6 52. Kd3 Nc6 53.
Kc3 Na5 54. Kd3 Nxc4 55. Kd4 Nb6 56. Rh6 Rg5 57. Ke4 Nd5 0-1

[Event "Online Olym Top DivD 2020"]
[Site "chess.com INT"]
[Date "2020.08.22"]
[Round "6.4"]
[Board "6"]
[White "Sliwicka, Alicja"]
[Black "Frattini, Beatriz Maria"]
[Result "1/2-1/2"]
[WhiteTitle "WIM"]
[BlackTitle "WCM"]
[WhiteElo "2317"]
[BlackElo "1868"]
[WhiteTeam "Poland"]
[BlackTeam "Brazil"]
[WhiteFideId "1150677"]
[BlackFideId "22715002"]
[EventDate "2020.08.21"]
[EventType "team"]

1. e4 c5 2. Nf3 e6 3. d4 cxd4 4. Nxd4 Nf6 5. Nc3 d6 6. Bd3 Nc6 7. Nb3 Be7 8. O-O
O-O 9. f4 a6 10. Qf3 Qc7 11. Bd2 Rb8 12. Rae1 b5 13. Kh1 Bb7 14. Qh3 Nb4 15.
Nxb5 axb5 16. Bxb4 d5 17. Bxe7 Qxe7 18. exd5 Bxd5 19. f5 e5 20. c3 Ra8 21. Nc1
Bxa2 22. Bxb5 Rfb8 23. c4 Qc5 24. Qe3 Rc8 25. Qxc5 Rxc5 26. b4 Rcc8 27. c5 e4
28. Ne2 Rab8 29. Nc3 Bd5 30. Ba6 Rc7 31. Nxd5 Nxd5 32. Rxe4 Kf8 33. Rc1 Nxb4 34.
Bf1 Nd5 35. h3 Rbc8 36. Bb5 Ne7 37. f6 gxf6 38. Rec4 Nc6 39. Ba4 Ke7 40. Bd1 Ne5
41. R4c3 Ke6 42. Bb3+ Kf5 43. Bc2+ Ke6 44. Bxh7 Nd7 45. c6 Ne5 46. Be4 Kd6 47.
Rd1+ Ke6 48. Rdc1 Kd6 49. Kg1 Nxc6 50. Bxc6 Rxc6 51. Rxc6+ Rxc6 52. Rxc6+ Kxc6
53. h4 Kd7 54. g4 Ke7 55. Kf2 Kf8 56. Kf3 Kg7 57. Kf4 Kg6 58. Ke4 f5+ 59. gxf5+
Kh5 60. Ke5 Kxh4 61. Kf6 Kg4 62. Kxf7 Kxf5 1/2-1/2

[Event "Online Olym Top DivD 2020"]
[Site "chess.com INT"]
[Date "2020.08.22"]
[Round "6.5"]
[Board "1"]
[White "So, Wesley"]
[Black "Pichot, Alan"]
[Result "1/2-1/2"]
[WhiteTitle "GM"]
[BlackTitle "GM"]
[WhiteElo "2770"]
[BlackElo "2630"]
[WhiteTeam "United States of America"]
[BlackTeam "Argentina"]
[WhiteFideId "5202213"]
[BlackFideId "110973"]
[EventDate "2020.08.21"]
[EventType "team"]

1. e4 c5 2. Nf3 e6 3. d4 cxd4 4. Nxd4 Nc6 5. Nc3 Qc7 6. g3 a6 7. Bg2 h5 8. O-O
h4 9. Re1 hxg3 10. hxg3 Ne5 11. f4 Nc6 12. Be3 d6 13. Nxc6 bxc6 14. Na4 Rb8 15.
c4 c5 16. Qd2 Nf6 17. Bf3 Bb7 18. Nc3 g5 19. fxg5 Nd7 20. Bf4 Ne5 21. Bxe5 dxe5
22. Rad1 Be7 23. g6 fxg6 24. Bg4 Rd8 25. Qf2 Rd6 26. Rxd6 Qxd6 27. Rd1 Qb6 28.
Rf1 Rf8 29. Qd2 Rxf1+ 30. Kxf1 Kf7 31. Qd7 Ba8 32. Qc8 Qc6 33. Bxe6+ Qxe6 34.
Qxa8 Qh3+ 35. Ke2 Qg2+ 36. Kd3 Qxb2 37. Qd5+ Kg7 38. Qd7 Kf8 39. Qc8+ Kf7 40.
Qc7 a5 41. Qxe5 Bf6 42. Qc7+ Kg8 43. e5 Bg5 44. Qc8+ Kg7 45. Qd7+ Kh6 46. Qh3+
Kg7 47. Qd7+ Kh6 48. Qh3+ Kg7 49. Qd7+ 1/2-1/2

[Event "Online Olym Top DivD 2020"]
[Site "chess.com INT"]
[Date "2020.08.22"]
[Round "6.5"]
[Board "2"]
[White "Munoz, Francisco Javier"]
[Black "Robson, Ray"]
[Result "0-1"]
[WhiteTitle "FM"]
[BlackTitle "GM"]
[WhiteElo "2389"]
[BlackElo "2673"]
[WhiteTeam "Argentina"]
[BlackTeam "United States of America"]
[WhiteFideId "128368"]
[BlackFideId "2023970"]
[EventDate "2020.08.21"]
[EventType "team"]

1. e4 e5 2. Nf3 Nc6 3. Nc3 Nf6 4. Bb5 Nd4 5. Bc4 Bc5 6. Nxe5 Qe7 7. Nd3 d5 8.
Bxd5 Nxd5 9. Nxd5 Qxe4+ 10. Ne3 Bd6 11. O-O Be6 12. f3 Qh4 13. f4 O-O-O 14. b4
g5 15. g3 Qh6 16. f5 Bd7 17. Bb2 Bxg3 18. hxg3 Bc6 19. Bxd4 Qh1+ 20. Kf2 Qh2+
21. Ke1 Qxg3+ 22. Rf2 Rxd4 23. Qe2 Rhd8 24. Kd1 Be4 25. Kc1 Bxd3 26. cxd3 Rxd3
27. Rf3 Qe5 28. Rb1 Qe4 29. Rb3 Rxd2 30. Qxd2 Rxd2 31. Kxd2 Qxf3 32. Rd3 b6 33.
Nd5 Qf2+ 34. Kc3 Qe1+ 35. Kb3 g4 36. b5 g3 37. Re3 Qd1+ 0-1

[Event "Online Olym Top DivD 2020"]
[Site "chess.com INT"]
[Date "2020.08.22"]
[Round "6.5"]
[Board "4"]
[White "Encina, Guadalupe"]
[Black "Abrahamyan, Tatev"]
[Result "1/2-1/2"]
[BlackTitle "WGM"]
[WhiteElo "1892"]
[BlackElo "2358"]
[WhiteTeam "Argentina"]
[BlackTeam "United States of America"]
[WhiteFideId "128309"]
[BlackFideId "13301918"]
[EventDate "2020.08.21"]
[EventType "team"]

1. d4 Nf6 2. Bf4 e6 3. e3 Be7 4. Nf3 b6 5. h3 O-O 6. c3 c5 7. Nbd2 cxd4 8. cxd4
Bb7 9. Bd3 d5 10. O-O Nbd7 11. Rc1 Rc8 12. Qe2 Ne4 13. Ba6 Bxa6 14. Qxa6 Bd6 15.
Nxe4 Bxf4 16. Nc3 Bb8 17. Nb5 h6 18. Nxa7 Bxa7 19. Qxa7 Ra8 20. Qb7 Rxa2 21. Rc7
Nf6 22. Ne5 Qb8 23. Rxf7 Qxb7 24. Rxb7 Rxb2 25. Rc1 Nh5 26. Nf3 b5 27. Rc6 Rb1+
28. Kh2 Rb2 29. Kg1 Rb1+ 30. Kh2 Rb2 31. Kg1 1/2-1/2

[Event "Online Olym Top DivD 2020"]
[Site "chess.com INT"]
[Date "2020.08.22"]
[Round "6.5"]
[Board "6"]
[White "Bank, Valeria"]
[Black "Wang, Annie"]
[Result "0-1"]
[BlackTitle "IM"]
[WhiteElo "1839"]
[BlackElo "2384"]
[WhiteTeam "Argentina"]
[BlackTeam "United States of America"]
[WhiteFideId "142603"]
[BlackFideId "2053900"]
[EventDate "2020.08.21"]
[EventType "team"]

1. e4 c5 2. Nf3 d6 3. Bb5+ Nd7 4. Ba4 Nf6 5. O-O a6 6. c4 g6 7. Nc3 Bg7 8. d3
O-O 9. h3 b6 10. Be3 Bb7 11. Rb1 h6 12. Qd2 Kh7 13. Nh2 Ne5 14. f4 Nc6 15. Bxc6
Bxc6 16. g4 b5 17. b3 Qa5 18. Nd5 Qxd2 19. Bxd2 e6 20. Nxf6+ Bxf6 21. Nf3 Bg7
22. Be3 Rfc8 23. Bc1 bxc4 24. bxc4 Rab8 25. Be3 Ba4 26. e5 Rxb1 27. Rxb1 d5 28.
Rb7 d4 29. Bxd4 cxd4 30. Rxf7 Rd8 31. f5 exf5 32. gxf5 gxf5 33. Nh4 Kg8 34. e6
Rf8 35. Rb7 Rf6 36. e7 f4 37. Rb8+ Kf7 38. Rb7 Be8 39. Nf3 Re6 40. Ra7 Rxe7 41.
Rxa6 Re3 42. Kg2 Rxd3 43. c5 Rc3 44. Ra7+ Kf8 45. Rc7 d3 46. c6 Rxc6 47. Ra7
Rc2+ 48. Kf1 Bc6 0-1

[Event "Online Olym Top DivD 2020"]
[Site "chess.com INT"]
[Date "2020.08.23"]
[Round "7.1"]
[Board "1"]
[White "Pichot, Alan"]
[Black "Quesada Perez, Luis Ernesto"]
[Result "0-1"]
[WhiteTitle "GM"]
[BlackTitle "GM"]
[WhiteElo "2630"]
[BlackElo "2542"]
[WhiteTeam "Argentina"]
[BlackTeam "Cuba"]
[WhiteFideId "110973"]
[BlackFideId "3520773"]
[EventDate "2020.08.21"]
[EventType "team"]

1. e4 e6 2. d4 d5 3. Nc3 Nf6 4. e5 Nfd7 5. f4 c5 6. Nf3 Nc6 7. Be3 a6 8. Qd2 b5
9. dxc5 Bxc5 10. Bd3 Qb6 11. Bf2 h6 12. O-O Bb7 13. Bxc5 Nxc5 14. Qf2 b4 15. Ne2
Na4 16. Qxb6 Nxb6 17. Ned4 Ke7 18. f5 Nc4 19. fxe6 fxe6 20. Nxc6+ Bxc6 21. b3
Na3 22. Nd4 Bd7 23. Rf4 a5 24. Rg4 g5 25. h4 Rag8 26. hxg5 Rxg5 27. Rxg5 hxg5
28. g3 g4 29. Kf2 Rh5 30. Re1 Kd8 31. Kg2 Rg5 32. Kf2 Kc7 33. Re3 Kb6 34. Ne2
Kc5 35. Ke1 Rh5 36. Nf4 Rh1+ 37. Ke2 Kd4 38. Ng2 Rh2 0-1

[Event "Online Olym Top DivD 2020"]
[Site "chess.com INT"]
[Date "2020.08.23"]
[Round "7.1"]
[Board "3"]
[White "Besso, Guadalupe"]
[Black "Ordaz Valdes, Lisandra Teresa"]
[Result "1/2-1/2"]
[WhiteTitle "WIM"]
[BlackTitle "IM"]
[WhiteElo "2111"]
[BlackElo "2369"]
[WhiteTeam "Argentina"]
[BlackTeam "Cuba"]
[WhiteFideId "123161"]
[BlackFideId "3506940"]
[EventDate "2020.08.21"]
[EventType "team"]

1. d4 c5 2. d5 e5 3. c4 d6 4. e4 Be7 5. Nf3 Bg4 6. Nc3 Bxf3 7. Qxf3 Nf6 8. Bd3
O-O 9. O-O Nbd7 10. Be3 Ne8 11. a3 Bg5 12. b4 b6 13. Rab1 g6 14. Bxg5 Qxg5 15.
Qg3 Qe7 16. Nd1 Ng7 17. Ne3 Kh8 18. Qh3 Nh5 19. g3 Rad8 20. Rbe1 cxb4 21. axb4
a5 22. bxa5 bxa5 23. Nf5 Qg5 24. Qh4 Qxh4 25. Nxh4 Nc5 26. Bc2 Rb8 27. Rb1 Rb4
28. Rxb4 axb4 29. f4 b3 30. Bb1 exf4 31. gxf4 Re8 32. f5 Nxe4 33. Re1 Nhf6 34.
fxg6 hxg6 35. Nf3 Nc3 36. Rxe8+ Nxe8 37. Nd2 b2 38. Kf2 Nc7 39. Ke3 Nd1+ 40. Kd4
Na6 41. Ne4 Nc5 42. Nxd6 Nb3+ 43. Kd3 Nf2+ 44. Kc2 Nc5 45. Kxb2 Kg7 46. Kc3 Kf6
47. Kd4 Nb3+ 48. Kc3 Nc5 49. Bc2 Ke7 50. Nb5 f5 51. Kd4 Nb7 52. c5 Ng4 53. c6
Nd6 54. Kc5 Nxb5 55. Kxb5 Kd6 56. Kb6 Nf6 57. Bb3 Ne8 58. Kb7 g5 59. Bc2 f4 60.
Bd1 Nc7 61. Bf3 Nb5 62. Kb8 Nc7 63. Kb7 Nb5 64. Kb6 Nc7 65. h3 Ne8 66. Kb7 Nc7
67. Kb6 Ne8 68. Kb7 Nc7 69. Kb6 1/2-1/2

[Event "Online Olym Top DivD 2020"]
[Site "chess.com INT"]
[Date "2020.08.23"]
[Round "7.1"]
[Board "4"]
[White "Linares Napoles, Oleiny"]
[Black "Francisco Guecamburu, Candela Be"]
[Result "1/2-1/2"]
[WhiteTitle "WGM"]
[BlackTitle "WFM"]
[WhiteElo "2215"]
[BlackElo "2034"]
[WhiteTeam "Cuba"]
[BlackTeam "Argentina"]
[WhiteFideId "3504794"]
[BlackFideId "160911"]
[EventDate "2020.08.21"]
[EventType "team"]

1. c4 e6 2. Nf3 d5 3. e3 Nf6 4. Nc3 Be7 5. Be2 b6 6. O-O Bb7 7. b3 c5 8. d4 dxc4
9. Bxc4 O-O 10. Bb2 Nc6 11. dxc5 Bxc5 12. Qe2 Qc8 13. Rac1 Be7 14. Rfd1 Rd8 15.
h3 Rxd1+ 16. Rxd1 Qf8 17. Ba6 Qc8 18. Bxb7 Qxb7 19. Nb5 Rd8 20. Rxd8+ Bxd8 21.
Qc4 h6 22. Nbd4 Nxd4 23. Bxd4 Nd5 24. Ne5 Bf6 25. a4 Bxe5 26. Bxe5 f6 27. Bd4
Qc7 28. Qb5 Qc1+ 29. Kh2 Qc7+ 30. Kg1 Qc1+ 31. Kh2 Qc7+ 32. Kg1 1/2-1/2

[Event "Online Olym Top DivD 2020"]
[Site "chess.com INT"]
[Date "2020.08.23"]
[Round "7.1"]
[Board "5"]
[White "Coro, Lucas"]
[Black "Albornoz Cabrera, Carlos Daniel"]
[Result "1/2-1/2"]
[WhiteTitle "IM"]
[BlackTitle "GM"]
[WhiteElo "2352"]
[BlackElo "2573"]
[WhiteTeam "Argentina"]
[BlackTeam "Cuba"]
[WhiteFideId "147222"]
[BlackFideId "3518736"]
[EventDate "2020.08.21"]
[EventType "team"]

1. e4 c5 2. Nf3 d6 3. d4 cxd4 4. Nxd4 Nf6 5. Nc3 a6 6. Be3 e5 7. Nf3 Be7 8. Bc4
O-O 9. O-O Nc6 10. Bg5 Be6 11. Bb3 Nd7 12. Bxe7 Qxe7 13. Nd5 Qd8 14. Qd2 Nc5 15.
Rfe1 Nxb3 16. axb3 Ne7 17. Ne3 Qc7 18. Rad1 Rad8 19. Qb4 h6 20. c4 f5 21. exf5
Nxf5 22. Nxf5 Bxf5 23. Nd2 Qc6 24. Nf1 Be6 25. Rd2 b5 26. Ne3 Qc5 27. Qc3 Rc8
28. Red1 Rfd8 29. Rc2 bxc4 30. bxc4 a5 31. b3 Rb8 32. Ra2 Qb4 33. Qxb4 Rxb4 34.
Rxa5 Rxb3 35. Rxe5 dxe5 36. Rxd8+ Kf7 37. h3 Rc3 38. Rd6 Ke7 39. Ra6 Rc1+ 40.
Kh2 g6 41. Kg3 Rc3 42. Kh2 Rc1 43. Ra7+ Kf6 44. Rc7 h5 45. h4 Bf7 46. c5 Be6 47.
Kg3 Rc3 48. Kh2 Rc1 49. Rc6 Ke7 50. Rc7+ Kf6 1/2-1/2

[Event "Online Olym Top DivD 2020"]
[Site "chess.com INT"]
[Date "2020.08.23"]
[Round "7.2"]
[Board "4"]
[White "Abrahamyan, Tatev"]
[Black "Zawadzka, Jolanta"]
[Result "1/2-1/2"]
[WhiteTitle "WGM"]
[BlackTitle "WGM"]
[WhiteElo "2358"]
[BlackElo "2419"]
[WhiteTeam "United States of America"]
[BlackTeam "Poland"]
[WhiteFideId "13301918"]
[BlackFideId "1122320"]
[EventDate "2020.08.21"]
[EventType "team"]

1. e4 c5 2. Nf3 e6 3. d4 cxd4 4. Nxd4 Nc6 5. Nc3 Qc7 6. f4 Nxd4 7. Qxd4 a6 8. a4
Nf6 9. e5 Bc5 10. Qd2 Nd5 11. Ne4 Be3 12. Nd6+ Kf8 13. Qe2 Bxc1 14. Rxc1 Nxf4
15. Qe4 Ng6 16. Nc4 Qc6 17. Qxc6 dxc6 18. a5 Ke7 19. Bd3 Bd7 20. O-O f5 21.
exf6+ gxf6 22. Rce1 e5 23. Nd2 Raf8 24. Ne4 Bc8 25. Nc5 f5 26. b4 Kd6 27. Bc4
Kc7 28. Be6 Rf6 29. Bxc8 Rxc8 30. Rd1 Nf8 31. Rf2 Re8 32. Ne4 Rf7 33. Ng5 Rf6
34. Ne4 Rf7 35. Ng5 Rf6 36. Ne4 1/2-1/2

[Event "Online Olym Top DivD 2020"]
[Site "chess.com INT"]
[Date "2020.08.23"]
[Round "7.2"]
[Board "5"]
[White "Gumularz, Szymon"]
[Black "Xiong, Jeffery"]
[Result "1/2-1/2"]
[WhiteTitle "IM"]
[BlackTitle "GM"]
[WhiteElo "2506"]
[BlackElo "2709"]
[WhiteTeam "Poland"]
[BlackTeam "United States of America"]
[WhiteFideId "1188062"]
[BlackFideId "2047640"]
[EventDate "2020.08.21"]
[EventType "team"]

1. d4 Nf6 2. c4 g6 3. Nc3 d5 4. cxd5 Nxd5 5. e4 Nxc3 6. bxc3 Bg7 7. Bc4 c5 8.
Ne2 Nc6 9. Be3 O-O 10. h4 cxd4 11. cxd4 Qa5+ 12. Kf1 Qa3 13. h5 Bg4 14. hxg6
hxg6 15. Rb1 Rac8 16. Rh4 Bxe2+ 17. Bxe2 Qxa2 18. d5 Nd4 19. Bd3 Rc3 20. e5 Nc2
21. Bxc2 Rxc2 22. d6 exd6 23. exd6 Rc6 24. Ra4 Qe6 25. Bf4 Rc4 26. Bg3 Rfc8 27.
Rxa7 Rd4 28. Qe1 Qxe1+ 29. Rxe1 Bf8 30. Rxb7 Bxd6 31. Bxd6 Rxd6 1/2-1/2

[Event "Online Olym Top DivD 2020"]
[Site "chess.com INT"]
[Date "2020.08.23"]
[Round "7.2"]
[Board "6"]
[White "Wang, Annie"]
[Black "Sliwicka, Alicja"]
[Result "1/2-1/2"]
[WhiteTitle "IM"]
[BlackTitle "WIM"]
[WhiteElo "2384"]
[BlackElo "2317"]
[WhiteTeam "United States of America"]
[BlackTeam "Poland"]
[WhiteFideId "2053900"]
[BlackFideId "1150677"]
[EventDate "2020.08.21"]
[EventType "team"]

1. d4 Nf6 2. c4 c5 3. d5 b5 4. cxb5 a6 5. bxa6 g6 6. Nc3 Bg7 7. e4 O-O 8. a7
Rxa7 9. Nf3 e6 10. Be2 exd5 11. exd5 d6 12. O-O Na6 13. Nb5 Rd7 14. Bc4 Bb7 15.
Bg5 Qa8 16. Bxf6 Bxf6 17. Qd2 Nc7 18. Nxc7 Rxc7 19. Rad1 Ba6 20. Bxa6 Qxa6 21.
b3 Ra7 22. Qf4 Bg7 23. a4 Rb7 24. Nd2 Rb4 25. Qe3 Bd4 26. Qf3 Rfb8 27. Rfe1 Qa7
28. g3 Qd7 29. Re4 Kg7 30. Rde1 Bf6 31. Kg2 R4b7 32. h4 h5 33. R1e2 Qd8 34. R4e3
Qd7 35. Nc4 Rb4 36. Rd3 Qd8 37. Re4 Qd7 38. Rf4 Be5 39. Nxe5 dxe5 40. Rxb4 Rxb4
41. Qe3 Qd6 42. Rd2 Rd4 43. Rxd4 cxd4 44. Qf3 f5 45. Kf1 e4 46. Qf4 Qxd5 47.
Qc7+ Kf6 48. Qb6+ Kf7 49. Qc7+ Ke6 50. Qb6+ Kd7 51. Qxg6 d3 52. Qg7+ Kd6 53.
Qf6+ Kd7 54. Qg7+ Kc6 55. Qc3+ Kb6 56. Ke1 Qd6 57. b4 Qd5 58. Qb2 Qc4 59. Qf6+
Kb7 60. Qb2 Qc6 61. b5 Qb6 62. Qg7+ Ka8 63. Qf8+ Ka7 64. Qxf5 Qa5+ 65. Kf1 Qxa4
66. Qd7+ Kb8 67. Qe8+ Kb7 68. Qc6+ Kb8 69. Qe8+ Kb7 70. Qd7+ Kb8 71. Qd6+ Kb7
72. Qd5+ Kb8 73. Qxh5 Qd4 74. Qd1 e3 75. fxe3 Qxe3 76. g4 Qh3+ 77. Ke1 Qe3+ 78.
Kf1 Qh3+ 79. Kf2 Qxh4+ 80. Kf3 Qd8 81. Qd2 Qd4 82. g5 Kb7 83. g6 Qf6+ 84. Ke3
Qxg6 85. Kd4 Qd6+ 86. Kc3 Qe5+ 87. Kxd3 Qxb5+ 88. Ke3 Qg5+ 89. Kd3 Qxd2+ 90.
Kxd2 1/2-1/2